| 000 | 01093nam a22002297a 4500 | ||
|---|---|---|---|
| 001 | 7434 | ||
| 003 | FISKH | ||
| 005 | 20250715135104.0 | ||
| 008 | 250715b cb ||||| |||| 00| 0 eng d | ||
| 040 |
_aFISKH _beng _cFISKH _dFISKH |
||
| 050 | _aPZ7 | ||
| 082 | _a551 | ||
| 100 | _aJulie, Fitzpatrick | ||
| 245 |
_aIn the air / _cFitzpatrick Julie ; Illustrated by Sara Silcock |
||
| 260 |
_aLondon : _bHamish Hamilton, _c1984. |
||
| 300 |
_a30 pages : _bcolor illustrations ; _c22 cm |
||
| 505 | _aNP | ||
| 520 | _aScience Spirals: In the Air is an informational picture book aimed at early elementary readers. Through vivid illustrations and simple text, it explores the science of air—covering topics like wind, weather patterns, flight, and how air interacts with living things and the environment. Designed as part of the "Science Spirals" series, it encourages curiosity about the natural world by breaking down complex scientific ideas into child-friendly concepts. | ||
| 650 |
_aScience for Kids _vNonfiction _xWeather & Atmosphere |
||
| 942 |
_2ddc _cBK _n0 |
||
| 999 |
_c7434 _d7434 |
||